=LDR 00000nam 2200000 4500 =001 INLIS000000000027010 =005 20200518081554 =035 ##$$a 0010-061300000027010 =008 200518################g##########0#ind## =041 ##$$a Ind =082 ##$$a 2x4.121 =090 ##$$a 2x4.121, Saw m =100 ##$$a Sawwaf, Muhammad Mahmid As- =245 1#$$a Menggapai kesempurnaan sholat /$c Muhammad Mahmud As-Sawwaf ; penerjemah M. Pahruroji Al Bukhari =850 ##$$a NBPNMAT =084 ##$$a 2x4.121 SAW m =260 ##$$a Yogyakarta :$b Diva Press,$c 2007 =300 ##$$a 226 hlm. ; $c 14 x 20 cm. =700 #$$a Bukhari, M. Pahruroji Al =990 ##$$a 20704638